000 01314pam a2200385 a 4500
001 4218
003 FISKH
005 20240705090312.0
008 920707s1993 nyua b 000 1 eng
010 _a 92056706
020 _a0679838864 :
020 _a9780439137515
020 _a0679938869 (lib. bdg.)
040 _aDLC
_cDLC
_dDLC
_beng
050 _aPZ7.P2197
082 _a813.54
100 1 _aPark, Barbara.
245 1 0 _aJunie B. Jones and a little monkey business /
_cby Barbara Park ; illustrated by Denise Brunkus.
250 _aFirst Scholastic printing, September 1999
260 _aNew York :
_bScholastic,
_c1993.
300 _a68 pages :
_billustrations ;
_c20 cm
490 1 _aThe Junie B. Jones series ;
_vBook 2
505 _aM
520 _aThrough a misunderstanding, Junie B. thinks that her new baby brother is really a baby monkey, and her report of this news creates excitement and trouble in her kindergarten class.
521 8 _a540
_bLexile
521 8 _aM
_bRaz-Plus
650 1 _aBabies
_xFiction.
650 1 _aSiblings
_xFiction.
650 1 _aKindergarten
_xFiction.
650 1 _aSchools
_xFiction.
700 1 _aBrunkus, Denise,
_eillustrator
906 _a7
_bcbc
_corignew
_d1
_eocip
_f19
_gy-gencatlg
942 _2ddc
_cBK
_n0
999 _c4218
_d4218